Novela zákona o dani z príjmov sprísňuje pravidlá

Novela zákona o dani z príjmov a najdôležitejšie zmeny od 1. januára 2015. Vplyv a dopad zmien na daňové výdavky podnikateľov.

Salvato in:
Dettagli Bibliografici
Autore principale: Ilavská, Marcela
Natura: Capitolo di libro
Lingua:slovacco
Soggetti:
Tags: Aggiungi Tag
Nessun Tag, puoi essere il primo ad aggiungerne!!

MARC

LEADER 00000naa a2200000 4500
001 0199068
005 20220725111522.9
041 0 |a slo 
044 |a SK 
245 1 0 |a Novela zákona o dani z príjmov sprísňuje pravidlá  |c Marcela Ilavská 
520 |a Novela zákona o dani z príjmov a najdôležitejšie zmeny od 1. januára 2015. Vplyv a dopad zmien na daňové výdavky podnikateľov. 
610 2 0 |a dane z príjmov 
610 2 0 |a podnikatelia 
610 2 0 |a povinnosť daňová 
610 2 0 |a odpočet dane 
610 2 0 |a výdavky daňové 
610 2 0 |a politika daňová 
610 2 0 |a dopad daňový 
100 1 |a Ilavská, Marcela